000 01635nam0a2200313 4500
001 RU\NLR\bibl\2009796
005 20250616213650.0
010 _a978-5-85839-264-4
_9500
021 _aRU
_b2013-9774
_9703
021 _aRU
_b2013-12773
_9911
035 _a(NLR Aleph) 001998368
090 _a4323527
_c4323527
100 _a20130312d2012 |||y0rusy50 ca
101 0 _arus
102 _aRU
105 _ay |||||||||
200 1 _aИстория Отечества IX-XVII вв.: исторические персоналии, хронологический и понятийный аппарат: учебное пособие
_eучебное пособие
_fМ.П. Самойлова, О.К. Шиманская
_gМ-во образования и науки Рос. Федерации, Федер. гос. бюджет. образоват. учреждение высш. проф. образования "Нижегор. гос. лингв. ун-т им. Н.А. Добролюбова"
210 _aНижний Новгород
_cНижегородский государственный лингвистический университет
_d2012
215 _a267 с.
_d21
607 _aРоссия
_jСловари
_xИстория
_z9 - 17 вв.
_92079134
_3RU\NLR\auth\661255007
686 _aТ3(2)4я21
700 1 _aСамойлова
_bМ. П.
_gМария Павловна
_4070
701 1 _aШиманская
_bО. К.
_gОльга Константиновна
_4070
801 0 _aRU
_bNLR
_c20130312
_gRCR
801 1 _aRU
_bNLR
_c20130312
830 _aавт. по кн.
942 _cBOOK
980 _aNB